Marubini / (Record no. 5338)
[ view plain ]
| 000 -LEADER | |
|---|---|
| fixed length control field | 00646nam a22002295a 4500 |
| 001 - CONTROL NUMBER | |
| control field | 79866 |
| 003 - CONTROL NUMBER IDENTIFIER | |
| control field | GZU |
| 005 - DATE AND TIME OF LATEST TRANSACTION | |
| control field | 20210519141758.0 |
| 008 - FIXED-LENGTH DATA ELEMENTS--GENERAL INFORMATION | |
| fixed length control field | 950302s1994 sa 000 0 ven |
| 010 ## - LIBRARY OF CONGRESS CONTROL NUMBER | |
| LC control number | 95122109 |
| 020 ## - INTERNATIONAL STANDARD BOOK NUMBER | |
| International Standard Book Number | 0798634138 |
| 040 ## - CATALOGING SOURCE | |
| Original cataloging agency | DLC |
| Transcribing agency | DLC |
| 050 00 - LIBRARY OF CONGRESS CALL NUMBER | |
| Classification number | PL8745 |
| Item number | MAF 1994 |
| 100 1# - MAIN ENTRY--PERSONAL NAME | |
| Personal name | Mafela, M. J. |
| Relator term | author |
| 245 10 - TITLE STATEMENT | |
| Title | Marubini / |
| Statement of responsibility, etc. | Mukuvhanganyi M.J. Mafela, M.V. Mudau, M.R. Nevhutalu. |
| 250 ## - EDITION STATEMENT | |
| Edition statement | 1st ed. |
| 260 ## - PUBLICATION, DISTRIBUTION, ETC. | |
| Place of publication, distribution, etc. | Pretoria : |
| Name of publisher, distributor, etc. | Out of Africa Publishers, |
| Date of publication, distribution, etc. | 1994. |
| 300 ## - PHYSICAL DESCRIPTION | |
| Extent | 90 p. : |
| Other physical details | ill. |
| 906 ## - LOCAL DATA ELEMENT F, LDF (RLIN) | |
| a | 0 |
| b | ibc |
| c | orignew |
| d | 3 |
| e | ncip |
| f | 19 |
| g | y-gencatlg |
| 942 ## - ADDED ENTRY ELEMENTS (KOHA) | |
| Source of classification or shelving scheme | Library of Congress Classification |
| Koha item type | Books |
| Classification part | 8745 |
| Item part | MAF |
| Call number prefix | PL |
| Withdrawn status | Lost status | Source of classification or shelving scheme | Damaged status | Not for loan | Collection code | Home library | Current library | Shelving location | Date acquired | Total Checkouts | Full call number | Barcode | Date last seen | Copy number | Price effective from | Koha item type | Inventory number |
|---|---|---|---|---|---|---|---|---|---|---|---|---|---|---|---|---|---|
| Library of Congress Classification | Fiction | City Campus Library | City Campus Library | General Stacks | 03/31/2021 | PL8745 MAF 1994 | 010715 | 03/31/2021 | c.1 | 03/31/2021 | Books | ||||||
| Library of Congress Classification | Fiction | City Campus Library | City Campus Library | General Stacks | 04/14/2021 | PL8745 MAF 1994 | 010722 | 04/14/2021 | c. 2 | 04/14/2021 | Books | ||||||
| Library of Congress Classification | Fiction | Mashava Campus Library | Mashava Campus Library | General Stacks | 05/19/2021 | PL8745 MAF 1994 | 010824 | 05/19/2021 | c. 3 | 05/19/2021 | Books | 14570 | |||||
| Library of Congress Classification | Fiction | Mashava Campus Library | Mashava Campus Library | General Stacks | 05/19/2021 | PL8745 MAF 1994 | 010825 | 05/19/2021 | c. 4 | 05/19/2021 | Books | 14573 | |||||
| Library of Congress Classification | Fiction | Mashava Campus Library | Mashava Campus Library | General Stacks | 05/19/2021 | PL8745 MAF 1994 | 010721 | 05/19/2021 | c. 5 | 05/19/2021 | Books | 14576 | |||||
| Library of Congress Classification | Fiction | Mashava Campus Library | Mashava Campus Library | General Stacks | 05/21/2021 | PL 8745 MAF 1994 | 010822 | 05/21/2021 | c.6 | 05/21/2021 | Books | ||||||
| Library of Congress Classification | Fiction | Mashava Campus Library | Mashava Campus Library | General Stacks | 05/21/2021 | PL8745 MAF 1994 | 010823 | 05/21/2021 | c. 7 | 05/21/2021 | Books | 14571 | |||||
| Fiction | Mashava Campus Library | Mashava Campus Library | General Stacks | 05/21/2021 | PL8745 MAF 1994 | 010718 | 05/21/2021 | c.8 | 05/21/2021 | Books |